000
00288nam a22001337a 4500
003
SGT
020
_a
9788123022147
082
_a
080
_b
C16B
100
_a
BOBDE, SHARAD ARVIND
245
_a
COURTS OF INDIA
260
_b
PUBLICATIONS DIVISION GOI
_c
2016
300
_a
512
942
_2
ddc
_c
BK
999
_c
31464
_d
31464